000 00503nam a2200181 i 4500
001 136208
003 ES-MaACL
005 20230906195048.0
007 t|
008 070214s1978 sp a |||| | spa d
100 1 _aRuiz Vassallo, Francisco.
_9100947
245 1 0 _aManual de osciladores /
_cFrancisco Ruiz Vassallo.
250 _a1ª ed.
260 _aBarcelona :
_bCeac,
_c1978.
300 _a179 p. :
_bil. ;
_c19 cm.
650 4 _aGeneradores eléctricos.
_9136169
852 _aES-MaACL
_jA-9865
999 _c136208
_d136208